Building information modelling (Record no. 115391)

MARC details
000 -LEADER
fixed length control field 00625cam a22002055a 4500
001 - CONTROL NUMBER
control field L158572
008 - FIXED-LENGTH DATA ELEMENTS--GENERAL INFORMATION
fixed length control field 150506s2014 xxk f 000 0 eng d
020 ## - INTERNATIONAL STANDARD BOOK NUMBER
International Standard Book Number 9780415717748
035 ## - SYSTEM CONTROL NUMBER
System control number (Sirsi) u158572
041 0# - LANGUAGE CODE
Language code of text/sound track or separate title eng
050 04 - LIBRARY OF CONGRESS CALL NUMBER
Classification number 690.8
100 1# - MAIN ENTRY--PERSONAL NAME
Personal name Kensek, Karen
245 00 - TITLE STATEMENT
Title Building information modelling
260 ## - PUBLICATION, DISTRIBUTION, ETC.
Place of publication, distribution, etc. Oxon
Name of publisher, distributor, etc. Routledge
Date of publication, distribution, etc. 2014
520 ## - SUMMARY, ETC.
Summary, etc. A design guide for architects, engineers and contractors concerning the principles and specific applications of building information modelling (BIM)
521 ## - TARGET AUDIENCE NOTE
Target audience note Advanced
651 #4 - SUBJECT ADDED ENTRY--GEOGRAPHIC NAME
Geographic name United kingdom -1973-
690 ## - LOCAL SUBJECT ADDED ENTRY--TOPICAL TERM (OCLC, RLIN)
Topical term or geographic name as entry element CONSTRUCTION
942 ## - ADDED ENTRY ELEMENTS (KOHA)
Suppress in OPAC 0
Holdings
Withdrawn status Lost status Source of classification or shelving scheme Damaged status Not for loan Home library Current library Shelving location Date acquired Total Checkouts Full call number Barcode Date last seen Copy number Price effective from Koha item type
    Dewey Decimal Classification     London London Books 06/05/2015   690.8 KEN 30079004 06/08/2019 1 06/08/2019 Book